| 000 | 00633nam a2200193 4500 | ||
|---|---|---|---|
| 008 | 060412s1990 cou eng | ||
| 020 |
_a0891093273 : _cPhp75.00 |
||
| 090 |
_aBV4844 _bH24 |
||
| 100 | 1 | _aHarris, Madelene | |
| 245 | 1 | 0 |
_aYou're better than you think! / _cMadelene Harris, edited by Judith Couchman. |
| 260 |
_aColorado : _bNavPress, _cc1990. |
||
| 300 | _a80 p. | ||
| 490 | 1 | _aCrisispoints for women | |
| 650 | 4 |
_aBIble _xStudy and teaching. |
|
| 650 | 4 | _aSelf-perception. | |
| 650 | 4 |
_aWomen _xReligious life. |
|
| 700 | 1 | _aCouchman, Judith | |
| 951 |
_p13119 _x00008523 _oBV4844/H24 _j070613111550375 _d2000-12-21 _cGC |
||
| 999 |
_c26446 _d26446 |
||